What City is This Mayor the Mayor of? - Statistics

General Stats
  • This quiz has been taken 34 times
  • The average score is 3 of 8
Answer Stats
Question Answer % Correct
Bill de Blasio New York City
94%
Kate Gallego Phoenix
52%
London Breed San Francisco
48%
Jim Strickland Memphis
30%
Jack Young Baltimore
27%
Michael Hancock Denver
27%
Steve Adler Austin
18%
Robert Garcia Long Beach
12%
No matching quizzes found
Score Distribution
Percent of People with Each Score
Percentile by Number Answered
Your Score History
You have not taken this quiz